College algebra made simple for filipinos (Record no. 2257)

MARC details
000 -LEADER
fixed length control field 00530nam a22001817a 4500
003 - CONTROL NUMBER IDENTIFIER
control field URS
005 - DATE AND TIME OF LATEST TRANSACTION
control field 20220114142050.0
008 - FIXED-LENGTH DATA ELEMENTS--GENERAL INFORMATION
fixed length control field 191014s2000 ph a|||| |||| 00| 0 eng d
020 ## - INTERNATIONAL STANDARD BOOK NUMBER
International Standard Book Number 9710861239
040 ## - CATALOGING SOURCE
Transcribing agency URS
Language of cataloging eng
Modifying agency rda
050 14 - LIBRARY OF CONGRESS CALL NUMBER
Classification number QA 154
Item number .C6976 2000
100 ## - MAIN ENTRY--PERSONAL NAME
Personal name Nocon,Ferdinand P.
245 10 - TITLE STATEMENT
Title College algebra made simple for filipinos
Statement of responsibility, etc. Ferdinand P. Nocon
260 ## - PUBLICATION, DISTRIBUTION, ETC.
Place of publication, distribution, etc. MandaluyongCity:
Name of publisher, distributor, etc. National Bookstore
Date of publication, distribution, etc. [2000]
300 ## - PHYSICAL DESCRIPTION
Extent 206 pages;
Other physical details with illustrations
Dimensions 22 cm
504 ## - BIBLIOGRAPHY, ETC. NOTE
Bibliography, etc. note Bibliography:p.206
942 ## - ADDED ENTRY ELEMENTS (KOHA)
Source of classification or shelving scheme Library of Congress Classification
Koha item type Filipiniana
Holdings
Withdrawn status Source of classification or shelving scheme Damaged status Not for loan Home library Current library Date acquired Total Checkouts Full call number Barcode Date last seen Price effective from Koha item type Collection code Shelving location
  Library of Congress Classification     Cainta College Library Cainta College Library 10/12/2017   QA154.C6976 2000 URSCAI-1251 10/12/2017 10/12/2017 Filipiniana    
  Library of Congress Classification     Cainta College Library Cainta College Library 10/12/2017   QA154.C6976 2000 URSCAI-1287 10/12/2017 10/12/2017 Filipiniana Non-fiction On Display

University of Rizal System
Email us at univlibservices@urs.edu.ph

Visit our Website www.urs.edu.ph/library